Úplné znenie zákona Národnej rady Slovenskej republiky č. 316/1993 Z.z. ...

Úplné znenie zákona NR SR č. 316/1993 Z.z. o spotrebnej dani z uhľovodíkových palív a mazív v znení neskorších zákonov a zákona č. 396/1998 Z.z. s výkladom.

Guardado en:
Detalles Bibliográficos
Autor principal: Šubík, Peter
Formato: Capítulo de libro
Lenguaje:eslovaco
Materias:
Etiquetas: Agregar Etiqueta
Sin Etiquetas, Sea el primero en etiquetar este registro!

MARC

LEADER 00000naa a2200000 4500
001 r035784
005 20230912113431.7
041 0 |a slo 
044 |a SK 
245 1 0 |a Úplné znenie zákona Národnej rady Slovenskej republiky č. 316/1993 Z.z. ...  |c Peter Šubík 
520 |a Úplné znenie zákona NR SR č. 316/1993 Z.z. o spotrebnej dani z uhľovodíkových palív a mazív v znení neskorších zákonov a zákona č. 396/1998 Z.z. s výkladom. 
610 2 0 |a dane spotrebné 
610 2 0 |a palivá 
610 2 0 |a palivá tekuté 
610 2 0 |a sadzby daňové 
610 2 0 |a oslobodenie od daní 
610 2 0 |a zákony 
610 2 0 |a Slovensko 
610 2 0 |a komentáre 
610 2 0 |a 1993-1998 
100 1 |a Šubík, Peter